Del tabernáculo al templo (Record no. 189026)

MARC details
000 -LEADER
campo de control de longitud fija 01082nam a2200313 i 4500
001 - NÚMERO DE CONTROL
campo de control 189026
003 - IDENTIFICADOR DE NÚMERO DE CONTROL
campo de control SpMaBN
005 - FECHA Y HORA DE LA ÚLTIMA TRANSACCIÓN
campo de control 20251015063158.0
008 - DATOS DE LONGITUD FIJA--INFORMACIÓN GENERAL
campo de control de longitud fija 190321s2016 sp a |||| | spa d
020 ## - NÚMERO INTERNACIONAL ESTÁNDAR DEL LIBRO
Número Internacional Estándar del Libro 978-84-9073-243-4
080 ## - NÚMERO DE LA CLASIFICACIÓN DECIMAL UNIVERSAL
Número de la Clasificación Decimal Universal 26-523(091)
100 1# - ENTRADA PRINCIPAL--NOMBRE DE PERSONA
Nombre de persona Roitman, Adolfo,
Fechas asociadas al nombre 1957-
9 (RLIN) 166641
245 10 - MENCIÓN DEL TÍTULO
Título Del tabernáculo al templo
Resto del título : sobre el espacio sagrado en el judaísmo antiguo /
Mención de responsabilidad, etc. Adolfo D. Roitman.
250 ## - MENCION DE EDICION
Mención de edición 2ª reimp.
260 ## - PUBLICACIÓN, DISTRIBUCIÓN, ETC.
Lugar de publicación, distribución, etc. Estella, Navarra :
Nombre del editor, distribuidor, etc. Verbo Divino,
Fecha de publicación, distribución, etc. 2016.
300 ## - DESCRIPCIÓN FÍSICA
Extensión 326 p. :
Otras características físicas il. ;
Dimensiones 24 cm.
490 1# - MENCIÓN DE SERIE
Mención de serie El mundo de la Biblia
500 ## - NOTA GENERAL
Nota general Índice.
504 ## - NOTA DE BIBLIOGRAFÍA, ETC.
Nota de bibliografía, etc. Bibliografía: p. [295]-324.
610 27 - PUNTO DE ACCESO ADICIONAL DE MATERIA--NOMBRE DE ENTIDAD CORPORATIVA
Nombre de entidad corporativa o nombre de jurisdicción como elemento de entrada Templo de Jerusalén.
9 (RLIN) 6937
650 #7 - PUNTO DE ACCESO ADICIONAL DE MATERIA--TÉRMINO DE MATERIA
Término de materia o nombre geográfico como elemento de entrada Tabernáculo.
9 (RLIN) 166642
650 #7 - PUNTO DE ACCESO ADICIONAL DE MATERIA--TÉRMINO DE MATERIA
Término de materia o nombre geográfico como elemento de entrada Judaísmo-
Subdivisión general Historia.
9 (RLIN) 13968
830 0# - PUNTO DE ACCESO ADICIONAL DE SERIE-TÍTULO UNIFORME
Título uniforme El mundo de la Biblia
9 (RLIN) 193251
852 ## - LOCALIZACIÓN
Ubicación ES-MaACL
Número de control de estantería A-14416
itemnumber 196162
Sublocalización o colección R.151827
Ubicación en estantería Depósito 1
Signatura antigua Olim: N-7416
Donativo/Legado Donacion: Adolfo D. Roitman
903 ## - NOMBRE PERSONAL DE DONANTE
a Roitman, Adolfo,
d 1957-
e Donante
9 166641
942 ## - ELEMENTOS DE ENTRADA SECUNDARIOS (KOHA)
Fuente del sistema de clasificación o colocación Clasificación decimal universal
Tipo de ítem Koha Libro impreso
Holdings
Estatus retirado Estado de pérdida Fuente del sistema de clasificación o colocación Estado de daño No para préstamo Biblioteca de origen Biblioteca actual Ubicación en estantería Fecha de adquisición Fuente de adquisición Total de préstamos Signatura topográfica completa Código de barras Visto por última vez Precio de reemplazo Tipo de ítem Koha
    Clasificación decimal universal     Biblioteca del Ateneo de Madrid Biblioteca del Ateneo de Madrid Depósito 1 21/03/2019 Donación   A-14416 1200194 23/02/2023 23/02/2023 Libro impreso